000 00740cam a2200217 4500500
005 20260111080443.0
041 _afre
042 _adc
100 1 0 _aChouvel, Rudy
_eauthor
245 0 0 _aLe contrôle citoyen sur les finances locales dans l’Union européenne
260 _c2020.
500 _a32
690 _acontrôle
690 _aCour des comptes
690 _aEurope
690 _afinances locales
690 _ainstitutions régionales de contôle
690 _ainstitutions supérieures de contrôle
786 0 _nGestion & Finances Publiques | 6 | 6 | 2020-12-09 | p. 91-97 | 1969-1009
856 4 1 _uhttps://droit.cairn.info/revue-gestion-et-finances-publiques-2020-6-page-91?lang=fr&redirect-ssocas=7080
999 _c1616333
_d1616333